Handbook of Quality Managment (Record no. 343340)

000 -LEADER
fixed length control field 00494 a2200181 4500
003 - CONTROL NUMBER IDENTIFIER
control field OSt
005 - DATE AND TIME OF LATEST TRANSACTION
control field 20180116182639.0
008 - FIXED-LENGTH DATA ELEMENTS--GENERAL INFORMATION
fixed length control field 160818b xxu||||| |||| 00| 0 eng d
020 ## - INTERNATIONAL STANDARD BOOK NUMBER
International Standard Book Number 8172242581
040 ## - CATALOGING SOURCE
Transcribing agency 0
082 ## - DEWEY DECIMAL CLASSIFICATION NUMBER
Classification number 658.56202 LOC1994
100 ## - MAIN ENTRY--PERSONAL NAME
Personal name Dennis Lock
245 ## - TITLE STATEMENT
Title Handbook of Quality Managment
Statement of responsibility, etc. Dennis Lock
260 ## - PUBLICATION, DISTRIBUTION, ETC.
Place of publication, distribution, etc. New Delhi
Name of publisher, distributor, etc. Jaico Publishing House
Date of publication, distribution, etc. 1994
300 ## - PHYSICAL DESCRIPTION
Extent 632 p.
Other physical details HB
440 ## - SERIES STATEMENT/ADDED ENTRY--TITLE
Title Handbook of Quality Managment
942 ## - ADDED ENTRY ELEMENTS (KOHA)
Institution code [OBSOLETE] NBS
Koha item type Book
Call number prefix 658.56202 LOC
Source of classification or shelving scheme
Holdings
Withdrawn status Lost status Damaged status Not for loan Permanent Location Current Location Date acquired Total Checkouts Full call number Barcode Date last seen Price effective from Koha item type
        Central Library (CL) Central Library (CL) 08/28/2013   658.56202 LOC NBS3142 08/18/2016 08/28/2013 Book
© 2023 Central Library, National University of Sciences and Technology. All Rights Reserved.